เปลี่ยนเป็นภาษาไทย

Change to English
 แสดงรายละเอียดบรรณานุกรม
  กลับหน้าหลัก

Brief Record : Get Marc (ISO 2709) : E-mail record : QR code < ปิดหน้าต่าง
mysqli: Table './ulib62015/stat_globaluid' is marked as crashed and should be repaired
select id from stat_globaluid where statuid='20260517120132_3564' 
mysqli: Table './ulib62015/stat_globaluid' is marked as crashed and should be repaired
DELETE FROM stat_globaluid
			WHERE id NOT IN (
			  SELECT id
			  FROM (
				SELECT id
				FROM stat_globaluid
				ORDER BY id DESC
				LIMIT 100
			  ) foo
			); 
mysqli: Table './ulib62015/stat_globaluid' is marked as crashed and should be repaired
insert into stat_globaluid set
		statuid='20260517120132_3564',
		dt='1778994092',
		phpself='/ULIB62015/dublinfull.php',
		agent='Mozilla/5.0 AppleWebKit/537.36 (KHTML, like Gecko; compatible; ClaudeBot/1.0; +claudebot@anthropic.com)',
		yea='2026',
		mon='5',
		dat='17',
		ip='216.73.216.45'
		
		
mysqli: Table './ulib62015/stathist_viewbib_bib_type' is marked as crashed and should be repaired
insert into stathist_viewbib_bib_type set 
		dat='17' ,
		 mon='05' ,
		  yea='2026' ,
			 statuid='20260517120132_3564' ,
			 head='13399121352' ,
			 foot='marc' ,
			 dt='1778994092' 
		
LEADER : 00000nam 2200000uu 4500
001    13399121352
003     ULIB
008    151113s2554||||th 000 0 tha d
060  4 ^aQU145^bว619ต 2554
100    ^aวินัย สยอวรรณ
245 10 ^aตำราโภชนาการ=^bNurtrition/^cวินัย สยอวรรณ
250    ^aพิมพ์ครั้งที่1
260    ^aนนทบุรี :^bวิทยาลัยเทคโนโลยีทางการแพทย์และสาธารณสุข กาญจนาภิเษก,^c2554
300    ^a102 หน้า :^bภาพประกอบ, ตาราง ;^c30 ซม.
650  4 ^aโภชนาการ
650  4 ^aอาหาร^xสุขภาพ
710 2  ^aวิทยาลัยเทคโนโลยีทางการแพทย์และสาธารณสุข กาญจนาภิเษก
945    ^p150^l0^i022707
945    ^p0^l0^i022708
945    ^p0^l0^i022709
999    ^a57066
รายการนี้ยังไม่มีแท็ก
คุณยังไม่ได้ล็อกอิน คุณสามารถมีกิจกรรมร่วมกับเว็บไซต์ได้ แต่ต้องล็อกอินก่อน ::
  ล็อกอิน
  One Stop Service : ศูนย์ให้บริการแบบเบ็ดเสร็จ   จัดการหนังสือโปรด   แจ้งรายการบรรณานุกรมผิดพลาด
ลำดับที่ ประเภท เลขเรียก/บาร์โค้ด สถานที่ สถานะ
1. หนังสือ
หนังสือ
QU145 ว619ต 2554 ฉ.1 
  Barcode: 022707
หนังสือทั่วไป บนชั้น
  ขอยืม
Note:อภินันทนาการ
2. หนังสือ
หนังสือ
QU145 ว619ต 2554 ฉ.2 
  Barcode: 022708
หนังสือทั่วไป บนชั้น
  ขอยืม
Note:อภินันทนาการ
3. หนังสือ
หนังสือ
QU145 ว619ต 2554 ฉ.3 
  Barcode: 022709
หนังสือทั่วไป บนชั้น
  ขอยืม
Note:อภินันทนาการ

รายการใกล้เคียง
    ผู้แต่ง [วินัย สยอวรรณ]

    หัวเรื่อง [โภชนาการ]

BibComment


ยังไม่เคยถูกคอมเมนท์

คอมเมนท์ทรัพยากรรายการนี้
  คอมเมนท์: ตำราโภชนาการ Nur..
Bib 13399121352

 
 
 

 Union Library Management : ULibM
Copyright 2026. All Rights Reserved.